| 000 | 01220naa a22003017a 4500 | ||
|---|---|---|---|
| 001 | BR9404181 | ||
| 003 | BR-BrBNA | ||
| 005 | 20240918181226.0 | ||
| 007 | ta | ||
| 008 | 230509b bl.||||| |||| 00| 0 por d | ||
| 040 |
_aBR-BrBNA _bpor _cBiblioteca Nacional de Agricultura |
||
| 041 | _a(Pt) | ||
| 072 |
_aH10; J12 _b3140 _b8901 _b4020 |
||
| 090 | _aH10 BR9404181 | ||
| 100 | 1 | _aAnon. | |
| 111 | 1 |
_aConferencia Regional da Vespa da Madeira, Sirex noctilio, na America do Sul _c23-27 Nov 1992 _dFlorianopolis, SC (Brazil) |
|
| 245 | 1 | _aSusceptibilidade de toras de pinheiros tropicais ao ataque da vespa-da-madeira Sirex noctilio (Hymenoptera: Siricidae) | |
| 260 | 3 |
_aColombo, PR (Brasil): _c1993. |
|
| 500 | _aAnais da Conferencia Regional da Vespa da Madeira, Sirex noctilio, na America do Sul Colombo, PR (Brasil): 1993. p. 97-109 (BR9404181-AM)H10 | ||
| 650 | _aPinheiro | ||
| 650 | _aMadeira | ||
| 650 | _aVespa-da-Madeira | ||
| 650 | _aInfestacao | ||
| 650 | _aRio Grande do Sul | ||
| 773 | 0 |
_tAnais da Conferencia Regional da Vespa da Madeira, Sirex noctilio, na America do Sul _wH10 BR9404181 _gColombo, PR (Brasil), 1993. p. 97-109 |
|
| 909 |
_a202404 _bLucia _c55 _dLucia Elande |
||
| 942 |
_cAM _2AGRIS |
||
| 999 |
_c324211 _d324211 |
||